Madrid : judíos, herejes y brujas : (Record no. 197456)

MARC details
000 -LEADER
campo de control de longitud fija 01383nam a2200397 i 4500
001 - NÚMERO DE CONTROL
campo de control 197456
003 - IDENTIFICADOR DE NÚMERO DE CONTROL
campo de control ES-GrU
005 - FECHA Y HORA DE LA ÚLTIMA TRANSACCIÓN
campo de control 20250826034359.0
007 - CAMPO FIJO DE DESCRIPCIÓN FÍSICA--INFORMACIÓN GENERAL
campo de control de longitud fija ta
008 - DATOS DE LONGITUD FIJA--INFORMACIÓN GENERAL
campo de control de longitud fija 910520s19900000sp dobe 000 spadd
017 ## - NÚMERO DE COPYRIGHT O DE DEPÓSITO LEGAL
Número de copyright o de depósito legal TO 1864-1990
020 ## - NÚMERO INTERNACIONAL ESTÁNDAR DEL LIBRO
Número Internacional Estándar del Libro 8487167039
035 ## - NÚMERO DE CONTROL DEL SISTEMA
Número de control de sistema (ES-GrU)b10306420-34cbua_ugr
035 ## - NÚMERO DE CONTROL DEL SISTEMA
Número de control de sistema (OCoLC)636302878
040 ## - FUENTE DE CATALOGACIÓN
Lengua de catalogación spa
Centro/agencia transcriptor ES-MaACL
080 ## - NÚMERO DE LA CLASIFICACIÓN DECIMAL UNIVERSAL
Número de la Clasificación Decimal Universal 272
100 0# - ENTRADA PRINCIPAL--NOMBRE DE PERSONA
Nombre de persona Blázquez Miguel, Juan
9 (RLIN) 29452
Término indicativo de función/relación Autor
245 10 - MENCIÓN DEL TÍTULO
Título Madrid : judíos, herejes y brujas :
Resto del título el Tribunal de Corte (1650-1820) /
Mención de responsabilidad, etc. Juan Blázquez Miguel.
260 ## - PUBLICACIÓN, DISTRIBUCIÓN, ETC.
Lugar de publicación, distribución, etc. Toledo :
Nombre del editor, distribuidor, etc. Arcano,
Fecha de publicación, distribución, etc. 1990
300 ## - DESCRIPCIÓN FÍSICA
Extensión 218 p. :
Otras características físicas il. ;
Dimensiones 22 cm
336 ## - TIPO DE CONTENIDO
Fuente rdacontent
Término de tipo de contenido texto
337 ## - TIPO DE MEDIO
Fuente rdamedia
Nombre/término del tipo de medio sin mediación
338 ## - TIPO DE SOPORTE
Fuente rdacarrier
Nombre/término del tipo de soporte volumen
504 ## - NOTA DE BIBLIOGRAFÍA, ETC.
Nota de bibliografía, etc. p. 203-215
561 ## - PROPIEDAD E HISTORIA DE CUSTODIA/NOTA DE PROCEDENCIA
Historial ADO/272 BLA mad :
Tiempo de colación [OBSOLETO] Biblioteca Domínguez Ortiz 2
610 27 - PUNTO DE ACCESO ADICIONAL DE MATERIA--NOMBRE DE ENTIDAD CORPORATIVA
Nombre de entidad corporativa o nombre de jurisdicción como elemento de entrada Iglesia Católica-
Unidad subordinada Congregatio Romanae et Universalis Inquisitionis
Fuente del encabezamiento o término EMBNE
9 (RLIN) 240812
650 #7 - PUNTO DE ACCESO ADICIONAL DE MATERIA--TÉRMINO DE MATERIA
Término de materia o nombre geográfico como elemento de entrada Inquisición
Fuente del encabezamiento o término embne
9 (RLIN) 13793
651 #4 - PUNTO DE ACCESO ADICIONAL DE MATERIA--NOMBRE GEOGRÁFICO
Nombre geográfico Madrid
9 (RLIN) 8939
653 #4 - TÉRMINO DE INDIZACIÓN--NO CONTROLADO
Término no controlado Siglos XVII-XIX
852 ## - LOCALIZACIÓN
Ubicación ES-MaACL
Ubicación en estantería Depósito 1
Número de control de estantería A-15549
Donativo/Legado Donación: Fernando Codina Rodríguez
Encuadernación Encuadernación cartoné
itemnumber 205896
903 ## - NOMBRE PERSONAL DE DONANTE
a Codina Rodríguez, Fernando
e Donante
9 238631
942 ## - ELEMENTOS DE ENTRADA SECUNDARIOS (KOHA)
Suprimir en OPAC No
Tipo de ítem Koha Libro impreso
Holdings
Estatus retirado Estado de pérdida Fuente del sistema de clasificación o colocación Estado de daño No para préstamo Biblioteca de origen Biblioteca actual Ubicación en estantería Fecha de adquisición Fuente de adquisición Total de préstamos Signatura topográfica completa Visto por última vez Precio de reemplazo Tipo de ítem Koha
    Clasificación decimal universal     Biblioteca del Ateneo de Madrid Biblioteca del Ateneo de Madrid Depósito 1 05/06/2025 Donación   A-15549 05/06/2025 05/06/2025 Libro impreso